Pedagogické spektrum časopis pre pedagogickú teóriu, školskú prax, politiku výchovy a vzdelávania

Bibliographic Details
Previous Title:Bulletin Ústredného metodického centra MŠaV SR
Slovenská pedagogika
Other Authors: Ferliková, Klára (Publishing director)
Format: Journal
Language:Slovak
PhysicalDescription:14 zv. 21 cm
Published: Bratislava Ústredné metodické centrum MŠaV SR 1993-1994
Bratislava Štátny pedagogický ústav
ISSN:1335-5589
1335-3837
Subjects:

MARC

LEADER 00000cas a22000004a 4500
001 vtls001470349
003 SK-MaSNL
005 20260228161019.0
008 040308d19932008xo fn p 0 0b0slo c
022 |a 1335-5589 
035 |a SNK000425654 
035 |a (SVKBB03)vtls000042929 
040 |a SNK  |b slo  |c SNK  |d SVKBB  |d SAVUK  |e AACR2 
041 0 |a slo 
044 |a xo  |c SK 
072 7 |a 37  |x Výchova a vzdelávanie  |2 konspekt 
080 |a 37  |2 2001 
080 |a 37.01  |2 2001 
080 |a (051)-027.561  |2 2001 
080 |a 050 
210 0 |a Pedag. spektr. 
222 0 |a Pedagogické spektrum 
245 0 0 |a Pedagogické spektrum  |b časopis pre pedagogickú teóriu, školskú prax, politiku výchovy a vzdelávania 
247 0 1 |a Pedagogické spektrum  |b bulletin Ústredného metodického centra MŠaV SR  |f 11/1993-1994 
247 0 1 |a Pedagogické spektrum  |b časopis pre pedagogickú teóriu a prax  |f 1995-1997 
260 |a Bratislava  |b Ústredné metodické centrum MŠaV SR  |c 1993-1994 
260 3 |3 1995-2008  |a Bratislava  |b Štátny pedagogický ústav 
300 |a 14 zv.  |c 21 cm 
310 |a 2x ročne  |b 2008 
321 |a 1x mesačne 
321 |a 5x ročne ako dvojmesačník  |b 2000-2006 
321 |a 1x ročne  |b 2007 
362 0 |a Roč. II (nov. 1993)-6, č. 4 (1997) ; roč. 9 (2000)-roč. XVII, č. 2 (dec. 2008) 
500 |a V r. 1998-1999 vychádzal pod názvom: Slovenská pedagogika 
500 |a V r. 2007 vyšlo iba 1 monotematické číslo 
500 |a Šéfredaktor: ?-2008, Klára Ferliková 
500 |a Reg. č.: MK SR 1965/98 
515 |a Čísla vychádzajú ako dvojčísla 
650 0 7 |a výchova  |2 SNKPH  |9 957 
650 0 7 |a pedagogika  |2 SNKPH  |9 955 
650 0 7 |a Education  |2 SNKPHeng  |9 265320 
650 0 7 |a Pedagogics  |2 SNKPHeng  |9 265289 
655 7 |a odborné časopisy  |2 SNKPH  |9 70505 
655 7 |a Professional journals  |2 SNKPHeng  |9 265007 
700 1 |a Ferliková, Klára  |4 pbd  |9 15433 
780 0 0 |t Bulletin Ústredného metodického centra MŠaV SR  |w vtls009461882 
780 0 0 |t Slovenská pedagogika  |x 1335-3837  |w vtls008412747 
852 |a Štátna vedecká knižnica v Banskej Bystrici 
910 |a savuk 
910 |a snk 
916 |a 1994-1997, 2000-2008 
999 |c 4095  |d 6025 
952 |t č. 1-12, neúplné  |a SNK  |b SNK  |y PREZ  |7 0  |p 17A1317528  |o snkČSD 1983/3/1994 D1  |i snk2001/2561  |8 0  |z Chýba č. 7  |0 0  |1 0  |4 0  |d 2020-12-03  |l 0  |r 2026-02-21 19:24:32  |w 2026-02-21 
952 |t č. 1-10  |a SNK  |b SNK  |y PREZ  |7 0  |p 17A1077802  |o snkČSD 1983/11/2002 D1  |i snk2005/21462  |8 0  |0 0  |1 0  |4 0  |d 2005-12-21  |l 0  |r 2026-02-21 19:41:57  |w 2026-02-21 
952 |t č. 1-10  |a SNK  |b SNK  |y PREZ  |7 0  |p 17A0446342  |o snkČSD 1983/11/2002  |i snk2005/21461  |8 0  |f 1  |0 0  |1 0  |4 0  |d 2005-12-21  |l 0  |r 2026-02-21 20:16:43  |w 2026-02-21 
952 |t č. 1-10  |a SNK  |b SNK  |y PREZ  |7 0  |p 17A0574588  |o snkČSD 1983/14/2005 D1  |i snk2008/6014  |8 0  |0 0  |1 0  |4 0  |d 2008-03-11  |l 0  |r 2026-02-21 20:21:48  |w 2026-02-21 
952 |t č. 1-10  |a SNK  |b SNK  |y PREZ  |7 0  |p 17A0409584  |o snkČSD 1983/9/2000  |i snkČSP 356/2003  |f 1  |0 0  |1 0  |4 0  |d 2004-01-28  |l 0  |r 2005-01-02 00:00:00  |w 2026-02-21 
952 |t č. 1-10  |a SNK  |b SNK  |y PREZ  |7 0  |p 17A0425226  |o snkČSD 1983/9/2000 D1  |i snkČSP 355/2003  |0 0  |1 0  |4 0  |d 2004-03-30  |l 0  |r 2005-01-02 00:00:00  |w 2026-02-21 
952 |t č. 1-12, neúplné  |a SNK  |b SNK  |y PREZ  |7 0  |p 17A0427270  |o snkČSD 1983/3/1994  |i snkČSP 2560/2001  |z Chýba č. 7  |f 1  |0 0  |1 0  |4 0  |d 2004-04-27  |l 0  |r 2005-01-02 00:00:00  |w 2026-02-21 
952 |t č. 1-10  |a SNK  |b SNK  |y PREZ  |7 0  |p 17A0433987  |o snkČSD 1983/10/2001  |i snkČSP 357/2003  |f 1  |0 0  |1 0  |4 0  |d 2004-07-02  |l 0  |r 2005-01-02 00:00:00  |w 2026-02-21 
952 |t č. 1-12  |a SNK  |b SNK  |y PREZ  |7 0  |p 17A0106172  |o snkČSD 1983/4/1995 D1  |0 0  |1 0  |4 0  |d 1997-10-31  |l 0  |r 2005-01-02 00:00:00  |w 2026-02-21 
952 |t č. 1-12  |a SNK  |b SNK  |y PREZ  |7 0  |p 17A0164541  |o snkČSD 1983/4/1995  |f 1  |0 0  |1 0  |4 0  |d 1998-10-13  |l 0  |r 2005-01-02 00:00:00  |w 2026-02-21 
952 |t č. 1-10  |a SNK  |b SNK  |y PREZ  |7 2  |p 17A0400905  |o snkČSD 1983/10/2001 D1  |i snkČSP 358/2003  |0 0  |1 0  |4 0  |d 2003-10-17  |l 1  |r 2026-03-26 10:44:38  |s 2026-03-03  |w 2026-02-21 
952 |t č. 1-12  |a SNK  |b SNK  |y PREZ  |7 0  |p 17A0255348  |o snkČSD 1983/5/1996 D1  |0 0  |1 0  |4 0  |d 2000-11-04  |l 0  |r 2005-01-02 00:00:00  |w 2026-02-21 
952 |t č. 1-12  |a SNK  |b SNK  |y PREZ  |7 0  |p 17A0152872  |o snkČSD 1983/5/1996  |f 1  |0 0  |1 0  |4 0  |d 2001-04-28  |l 0  |r 2005-01-02 00:00:00  |w 2026-02-21 
952 |t č. 1-10  |a SNK  |b SNK  |y PREZ  |7 0  |p 17A0574583  |o snkČSD 1983/12/2003  |i snk2008/6007  |8 0  |f 1  |0 0  |1 0  |4 0  |d 2008-03-11  |l 0  |r 2026-02-21 20:39:13  |w 2026-02-21 
952 |t č. 1-10  |a SNK  |b SNK  |y PREZ  |7 0  |p 17A0574584  |o snkČSD 1983/12/2003 D1  |i snk2008/6009  |8 0  |0 0  |1 0  |4 0  |d 2008-03-11  |l 0  |r 2026-02-21 20:39:13  |w 2026-02-21 
952 |t č. 1-10  |a SNK  |b SNK  |y PREZ  |7 0  |p 17A0574585  |o snkČSD 1983/13/2004  |i snk2008/6010  |8 0  |f 1  |0 0  |1 0  |4 0  |d 2008-03-11  |l 0  |r 2026-02-21 20:39:13  |w 2026-02-21 
952 |t č. 1-10  |a SNK  |b SNK  |y PREZ  |7 0  |p 17A0574586  |o snkČSD 1983/13/2004 D1  |i snk2008/6012  |8 0  |0 0  |1 0  |4 0  |d 2008-03-11  |l 0  |r 2026-02-21 20:39:13  |w 2026-02-21 
952 |t č. 1-10  |a SNK  |b SNK  |y PREZ  |7 0  |p 17A0574587  |o snkČSD 1983/14/2005  |i snk2008/6013  |8 0  |f 1  |0 0  |1 0  |4 0  |d 2008-03-11  |l 0  |r 2026-02-21 20:39:13  |w 2026-02-21 
952 |t č. 1-4  |a SNK  |b SNK  |y PREZ  |7 0  |p 17A0306540  |o snkČSD 1983/6/1997 D1  |0 0  |1 0  |4 0  |d 2001-07-12  |l 0  |r 2005-01-02 00:00:00  |w 2026-02-21 
952 |t č. 1-4  |a SNK  |b SNK  |y PREZ  |7 0  |p 17A0402135  |o snkČSD 1983/6/1997  |i snkČSP 1758/2000  |f 1  |0 0  |1 0  |4 0  |d 2003-11-04  |l 0  |r 2005-01-02 00:00:00  |w 2026-02-21 
952 |t č. 1-10  |a SNK  |b SNK  |y PREZ  |7 0  |p 17A0751183  |o snkČSD 1983/15/2006  |i snk2013/20353  |8 0  |f 1  |0 0  |1 0  |4 0  |d 2013-09-04  |l 0  |r 2026-02-21 21:24:28  |w 2026-02-21 
952 |t č. 1-10  |a SNK  |b SNK  |y PREZ  |7 0  |p 17A0751184  |o snkČSD 1983/15/2006 D1  |i snk2013/20356  |8 0  |0 0  |1 0  |4 0  |d 2013-09-04  |l 0  |r 2026-02-21 21:24:28  |w 2026-02-21 
952 |t č. 1  |a SNK  |b SNK  |y PREZ  |7 0  |p 17A0751185  |o snkČSD 1983/16/2007  |i snk2013/20361  |8 0  |f 1  |0 0  |1 0  |4 0  |d 2013-09-04  |l 0  |r 2026-02-21 21:24:28  |w 2026-02-21 
952 |t č. 1  |a SNK  |b SNK  |y PREZ  |7 0  |p 17A0751186  |o snkČSD 1983/16/2007 D1  |i snk2013/20362  |8 0  |0 0  |1 0  |4 0  |d 2013-09-04  |l 0  |r 2026-02-21 21:24:28  |w 2026-02-21 
952 |t č. 1-2  |a SNK  |b SNK  |y PREZ  |7 0  |p 17A0751187  |o snkČSD 1983/17/2008  |i snk2013/20366  |8 0  |f 1  |0 0  |1 0  |4 0  |d 2013-09-04  |l 0  |r 2026-02-21 21:24:28  |w 2026-02-21 
952 |t č. 1-2  |a SNK  |b SNK  |y PREZ  |7 0  |p 17A0751188  |o snkČSD 1983/17/2008 D1  |i snk2013/20376  |8 0  |0 0  |1 0  |4 0  |d 2013-09-04  |l 0  |r 2026-02-21 21:24:28  |w 2026-02-21